I am the Lord of my Worlds: (Record no. 591812)
[ view plain ]
| 000 -LEADER | |
|---|---|
| fixed length control field | 00400nam a22001217a 4500 |
| 020 ## - INTERNATIONAL STANDARD BOOK NUMBER | |
| International Standard Book Number | 9787561342077 |
| 082 ## - DEWEY DECIMAL CLASSIFICATION NUMBER | |
| Classification number | 914.241 |
| Author Mark | YAN |
| 245 ## - TITLE STATEMENT | |
| Title | I am the Lord of my Worlds: |
| Remainder of title | my world my rules (Chinese Edition) / |
| Statement of responsibility, etc. | Yu Yang |
| 260 ## - PUBLICATION, DISTRIBUTION, ETC. | |
| Place of publication, distribution, etc. | China : |
| Name of publisher, distributor, etc. | Shaanxi Normal University General Publishing House, |
| Date of publication, distribution, etc. | 2008. |
| 300 ## - PHYSICAL DESCRIPTION | |
| Extent | 231 p. ; |
| Dimensions | 23 cm. |
| 880 ## - ALTERNATE GRAPHIC REPRESENTATION | |
| Linkage | 245-02\r |
| Title | 我是我世界的主 / |
| 942 ## - ADDED ENTRY ELEMENTS (KOHA) | |
| Source of classification or shelving scheme | |
| Koha item type | Book |
| Withdrawn status | Lost status | Source of classification or shelving scheme | Damaged status | Not for loan | Permanent Location | Current Location | Shelving location | Date acquired | Source of acquisition | Full call number | Barcode | Date last seen | Price effective from | Koha item type |
|---|---|---|---|---|---|---|---|---|---|---|---|---|---|---|
| Central Library (CL) | Central Library (CL) | Chinese Studies | 10/14/2022 | Donated by China Embassy | 914.241 YAN | CL-D-2043 | 10/14/2022 | 10/14/2022 | Book |
